Southville International School and Colleges
Your cart is empty.
  • Cart
  • Lists
    Public lists Eva Luna New books Lux_list list_1
    Your lists Log in to create your own lists
  • Log in to your account
  • Your cookies
  • Search history
Southville International School and Colleges
  • Advanced search
  • Recent comments
  • Most popular
  • Libraries

Log in to your account

Log in with GOOGLE


If you do not have an external account, but do have a local account, you can still log in:

  1. Home
  2. MARC view: C# 2012 for programmers /
Normal view MARC view ISBD view

C# 2012 for programmers / (Record no. 276753)

[ view plain ]
MARC details
000 -LEADER
fixed length control field 01252cam a22003735i 4500
001 - CONTROL NUMBER
control field 18364277
005 - DATE AND TIME OF LATEST TRANSACTION
control field 20141127132757.0
008 - FIXED-LENGTH DATA ELEMENTS--GENERAL INFORMATION
fixed length control field 141107s2014 enka 001 0 eng d
010 ## - LIBRARY OF CONGRESS CONTROL NUMBER
LC control number 2014469407
015 ## - NATIONAL BIBLIOGRAPHY NUMBER
National bibliography number GBB342658
Source bnb
016 7# - NATIONAL BIBLIOGRAPHIC AGENCY CONTROL NUMBER
Record control number 016327861
Source Uk
020 ## - INTERNATIONAL STANDARD BOOK NUMBER
International Standard Book Number 0133440575 (pbk.)
020 ## - INTERNATIONAL STANDARD BOOK NUMBER
International Standard Book Number 9780133440577 (pbk.)
035 ## - SYSTEM CONTROL NUMBER
System control number (OCoLC)ocn841671910
040 ## - CATALOGING SOURCE
Original cataloging agency UKMGB
Language of cataloging eng
Transcribing agency UKMGB
Description conventions rda
Modifying agency OCLCO
-- BTCTA
-- YDXCP
-- SINLB
-- OCLCO
-- IXA
-- CDX
-- BDX
-- OCLCF
-- CDN
-- DLC
042 ## - AUTHENTICATION CODE
Authentication code lccopycat
050 00 - LIBRARY OF CONGRESS CALL NUMBER
Classification number QA 76.73.C154
Item number .D455 2014
082 04 - DEWEY DECIMAL CLASSIFICATION NUMBER
Classification number 005.133
100 1# - MAIN ENTRY--PERSONAL NAME
Personal name Deitel, Paul J.
Relator term author.
245 10 - TITLE STATEMENT
Title C# 2012 for programmers /
Statement of responsibility, etc Paul Deitel.
250 ## - EDITION STATEMENT
Edition statement 5th ed.
Remainder of edition statement Paul Deitel, Harvey Deitel.
260 ## - PUBLICATION, DISTRIBUTION, ETC. (IMPRINT)
Place of publication, distribution, etc Upper Saddle River, NJ :
Name of publisher, distributor, etc Prentice Hall,
Date of publication, distribution, etc c2014.
300 ## - PHYSICAL DESCRIPTION
Extent xxxiii, 1147 pages :
Other physical details illustrations ;
Dimensions 24 cm.
490 1# - SERIES STATEMENT
Series statement Deitel developer series
500 ## - GENERAL NOTE
General note Previous edition: 2011.
500 ## - GENERAL NOTE
General note Includes index.
521 ## - TARGET AUDIENCE NOTE
Target audience note Information Technology
650 #0 - SUBJECT ADDED ENTRY--TOPICAL TERM
Topical term or geographic name as entry element C# (Computer program language)
700 1# - ADDED ENTRY--PERSONAL NAME
Personal name Deitel, Harvey M.,
Dates associated with a name 1945-
Relator term author.
830 #0 - SERIES ADDED ENTRY--UNIFORM TITLE
Uniform title Deitel developer series.
906 ## - LOCAL DATA ELEMENT F, LDF (RLIN)
a 0
b ibc
c copycat
d 2
e ncip
f 20
g y-gencatlg
942 ## - ADDED ENTRY ELEMENTS (KOHA)
Source of classification or shelving scheme Library of Congress Classification
Koha item type Books
Call number prefix Foreign
Holdings
Withdrawn status Lost status Source of classification or shelving scheme Damaged status Home library Current library Shelving location Date acquired Source of acquisition Sub Shelving location Total Checkouts Total Renewals Full call number Barcode Date last seen Date checked out Price effective from Koha item type
    Library of Congress Classification   College Library College Library Reserve Section 11/10/2014 Library Fund   1 4 QA 76.73.C154 .D455 2014 C18872 01/23/2023 12/20/2022 11/10/2014 Books

C# 2012 for programmers /

APA

Deitel P. J., Deitel H. M., . (2014). C# 2012 for programmers. Upper Saddle River, NJ: Prentice Hall.

Chicago

Deitel Paul J, Deitel Harvey M, . 2014. C# 2012 for programmers. Upper Saddle River, NJ: Prentice Hall.

Harvard

Deitel P. J., Deitel H. M., . (2014). C# 2012 for programmers. Upper Saddle River, NJ: Prentice Hall.

MLA

Deitel Paul J, Deitel Harvey M, . C# 2012 for programmers. Upper Saddle River, NJ: Prentice Hall. 2014.

  • Place hold
  • Print
  • Cite
  • Add to your cart (remove)
  • Save record
    BIBTEX Dublin Core MARCXML MARC (non-Unicode/MARC-8) MARC (Unicode/UTF-8) MARC (Unicode/UTF-8, Standard) MODS (XML) RIS
  • More searches
    Search for this title in:
    Other Libraries (WorldCat) Other Databases (Google Scholar) Online Stores (Bookfinder.com) Open Library (openlibrary.org)

Exporting to Dublin Core...

SOUTHVILLE LIBRARY

Southville International School and Colleges Library

1281 Tropical Ave. Cor. Luxembourg St., BF Homes International, Las Pinas City

Tel. No. 8256374 / 252358 Loc. 117/146

Powered by Koha